| 000 -LEADER | |
|---|---|
| fixed length control field | 00669pam a2200217 a 4500 |
| 020 ## - INTERNATIONAL STANDARD BOOK NUMBER | |
| ISBN | 0314070435 (instructor's edition) |
| ISBN | 0314063781 (student edition) |
| 050 00 - LIBRARY OF CONGRESS CALL NUMBER | |
| Classification number | HF1017 |
| 100 1# - MAIN ENTRY--AUTHOR NAME | |
| Personal name | Anderson, David R. |
| 245 10 - TITLE STATEMENT | |
| Title | Statistics for business and economics / |
| 250 ## - EDITION STATEMENT | |
| Edition statement | 6th ed. |
| 260 ## - PUBLICATION, DISTRIBUTION, ETC. (IMPRINT) | |
| Place of publication | Minneapolis/St. Paul : |
| Name of publisher | West Pub. Co., |
| Year of publication | c1996. |
| 300 ## - PHYSICAL DESCRIPTION | |
| Number of Pages | xxviii, 876, [111] p. : |
| Other physical details | col. ill. ; |
| 500 ## - GENERAL NOTE | |
| General note | "Instructor's annotated edition with computer case solutions"--Cover. |
| 650 #0 - SUBJECT ADDED ENTRY--TOPICAL TERM | |
| Topical Term | Commercial statistics. |
| Topical Term | Economics |
| Topical Term | Statistics. |
| 700 1# - ADDED ENTRY--PERSONAL NAME | |
| Personal name | Sweeney, Dennis J. |
| Personal name | Williams, Thomas A. |
| 942 ## - ADDED ENTRY ELEMENTS (KOHA) | |
| Koha item type | Books |
| Koha item type | Collection code | Shelving location | Accession Number | Permanent Location | Current Location | Date acquired | Full call number |
|---|---|---|---|---|---|---|---|
| Books | Lending | Lending | 1730 | Chapman Library | Chapman Library | 2016-01-19 | HF1017.A6 |
| Books | Reference | Reference | 1731 | Chapman Library | Chapman Library | 2016-01-19 | HF1017.A6 |

